Blocks of Tame Representation Type and Related Algebras

Αποθηκεύτηκε σε:
Λεπτομέρειες βιβλιογραφικής εγγραφής
Κύριος συγγραφέας: Erdmann, Karin
Μορφή: Βιβλίο
Γλώσσα:English
Δημοσίευση: Berlin : New York : c1990
Σειρά:Lecture notes in mathematics (Springer-Verlag) ; 1428
Θέματα:
Ετικέτες: Προσθήκη ετικέτας
Δεν υπάρχουν, Καταχωρήστε ετικέτα πρώτοι!

MARC

LEADER 00000cam a2200000 i 4500
001 1/29395
008 941103s1990 eng d
020 |a 3540527095 
035 |a 1993  |l 10038310 
040 |a GR-MY-UA  |b gre  |e aacr 
041 0 |a eng 
082 0 |a 512.2 
100 1 |a Erdmann, Karin. 
245 1 0 |a Blocks of Tame Representation Type and Related Algebras /  |c Karin Erdmann 
260 |a Berlin :   |a New York :   |c c1990 
300 |a xv, 312 p.;  |c 25 cm 
490 1 |a Lecture notes in mathematics (Springer-Verlag)  |v ; 1428 
500 |a Includes bibliographical references 
650 0 0 |a Group rings. 
650 0 0 |a Tame algebras. 
830 0 |a Lecture notes in mathematics (Springer-Verlag)  |v ; 1428 
852 |a INST  |b SAMOS  |e 19941103  |h 512.2 ERD  |p 005300008255  |q 005300008255  |t BK  |y 0 
909 |a Σ  |b 029282